[Event "AUT-chT2O 1213"]
[Site "Austria"]
[Date "2013.04.06"]
[Round "10.5"]
[White "Wiedner, Robert"]
[Black "Orlovic, Veljko"]
[Result "1-0"]
[WhiteElo "2133"]
[BlackElo "2114"]
[PlyCount "89"]
[EventDate "2012.10.06"]
[EventType "team-tourn"]
[EventRounds "11"]
[EventCountry "AUT"]
[SourceTitle "EXT 2014"]
[Source "ChessBase"]
[SourceDate "2013.11.20"]
[SourceVersion "1"]
[SourceVersionDate "2013.11.20"]
[SourceQuality "1"]
[WhiteTeam "Mattersburg"]
[BlackTeam "Pamhagen"]
[WhiteTeamCountry "AUT"]
[BlackTeamCountry "AUT"]

1. Nf3 d5 2. b3 Nf6 3. e3 e6 4. Bb2 Be7 5. Be2 0-0 6. 0-0 c5 7. Ne5 b6 8. f4 Bb7 9. d3 Nfd7 10. Nd2 f6 11. Nxd7 Nxd7 12. Qe1 f5 13. Nf3 Bf6 14. Bxf6 Qxf6 15. d4 a6 16. c3 Rac8 17. Qd2 Rc7 18. Rfc1 Rfc8 19. Qb2 h6 20. b4 cxd4 21. cxd4 Qe7 22. a3 Nf6 23. Ne5 Nd7 24. Rxc7 Rxc7 25. Rc1 Nxe5 26. dxe5 Qd7 27. Rxc7 Qxc7 28. Bd3 Kf7 29. Qc2 Qxc2 30. Bxc2 Bc6 31. Kf2 Bb5 32. Ke1 Ke7 33. Kd2 Bc4 34. Bd1 g6 35. g4 Kd7 36. h4 fxg4 37. Bxg4 Ba2 38. Kc2 Bc4 39. Kc3 Ba2 40. Be2 b5 41. Bd3 Bc4 42. Bxg6 Kc6 43. Kd4 Kd7 44. Kc5 Ke7 45. Kb6 1-0

[Event "AUT-chT2O 1112"]
[Site "Austria"]
[Date "2012.04.29"]
[Round "11.6"]
[White "Orlovic, Veljko"]
[Black "Gstach, Jakob"]
[Result "0-1"]
[WhiteElo "2071"]
[BlackElo "2043"]
[PlyCount "74"]
[EventDate "2011.10.15"]
[EventType "team-tourn"]
[EventRounds "11"]
[EventCountry "AUT"]
[SourceTitle "EXT 2013"]
[Source "ChessBase"]
[SourceDate "2012.11.22"]
[SourceVersion "1"]
[SourceVersionDate "2012.11.22"]
[SourceQuality "1"]
[WhiteTeam "Pamhagen"]
[BlackTeam "Wien Ottakring"]
[WhiteTeamCountry "AUT"]
[BlackTeamCountry "AUT"]

1. d4 Nf6 2. Nf3 g6 3. c4 Bg7 4. g3 0-0 5. Bg2 d6 6. Nc3 Nbd7 7. 0-0 e5 8. d5 a5 9. e4 Nc5 10. Ne1 Nfd7 11. Be3 f5 12. exf5 gxf5 13. Qd2 f4 14. gxf4 exf4 15. Bxf4 Nb6 16. Bg5 Nxc4 17. Qc1 Qe8 18. Bh6 Qg6 19. Bxg7 Qxg7 20. b3 Ne5 21. Qe3 b6 22. Kh1 Ba6 23. Rg1 Ng4 24. Bf3 Nxe3 25. Rxg7+ Kxg7 26. fxe3 Rae8 27. e4 Rf4 28. Kg2 Re5 29. Kg3 Rf6 30. h4 Rg6+ 31. Kf2 Bc8 32. Rd1 Bg4 33. Rd4 Rh5 34. Ng2 Rf6 35. Ne1 Bxf3 36. Nxf3 Rxh4 37. e5 Rxf3+ 0-1

[Event "AUT-chT2O 0910"]
[Site "Austria"]
[Date "2010.02.20"]
[Round "7.2"]
[White "Orlovic, Veljko"]
[Black "Ganaus, Hannes"]
[Result "1/2-1/2"]
[WhiteElo "2122"]
[BlackElo "2281"]
[PlyCount "155"]
[EventDate "2009.10.17"]
[EventType "team-tourn"]
[EventRounds "11"]
[EventCountry "AUT"]
[SourceTitle "EXT 2011"]
[Source "ChessBase"]
[SourceDate "2010.11.26"]
[SourceVersion "1"]
[SourceVersionDate "2010.11.26"]
[SourceQuality "1"]
[WhiteTeam "Pamhagen"]
[BlackTeam "Eichgraben"]
[WhiteTeamCountry "AUT"]
[BlackTeamCountry "AUT"]

1. d4 Nf6 2. Nf3 c5 3. d5 b5 4. a4 b4 5. c4 e6 6. dxe6 fxe6 7. g3 Be7 8. Bg2 Bb7 9. 0-0 0-0 10. b3 Nc6 11. Bb2 Qc7 12. Nbd2 Rae8 13. Qc2 Ba8 14. e3 Ng4 15. Ne4 Nce5 16. Nxe5 Nxe5 17. f4 Ng4 18. Qe2 Nh6 19. Rfd1 d6 20. Rd2 Rd8 21. Rc1 Bc6 22. Ng5 Bxg5 23. fxg5 Nf5 24. e4 Ne7 25. Bh3 e5 26. Rcd1 Bb7 27. Be6+ Kh8 28. h4 Nc6 29. Rf1 Nd4 30. Bxd4 cxd4 31. Rd3 Qe7 32. Bf5 g6 33. Bh3 Rxf1+ 34. Bxf1 Rf8 35. Rf3 Rxf3 36. Qxf3 Kg7 37. Qg4 Bc6 38. Bd3 Bd7 39. Qf3 Qf7 40. Kf2 Bg4 41. Qxf7+ Kxf7 42. Ke1 Ke7 43. Kd2 Kd8 44. Bc2 Kc7 45. Bd3 Kb6 46. Bc2 Kc5 47. Bd3 Bd7 48. Kc2 Bc6 49. Kb2 Bd7 50. Kc2 Kb6 51. Kd2 Ka5 52. Bc2 Bc6 53. Kd3 Kb6 54. Bd1 Bd7 55. g4 Kc5 56. h5 Be6 57. Be2 a5 58. Bd1 Bf7 59. h6 Be6 60. Kc2 Bc8 61. Kd3 Bb7 62. Bc2 Bc6 63. Bd1 Bd7 64. Kc2 Be8 65. Kd3 Bf7 66. Kc2 Be8 67. Kd3 Bc6 68. Bc2 Bb7 69. Bd1 Bc8 70. Kd2 Be6 71. Kd3 Bf7 72. Bc2 Bg8 73. Bd1 Be6 74. Kc2 Bc8 75. Kd3 Ba6 76. Bc2 Bb7 77. Bd1 Bc6 78. Bc2 1/2-1/2